01010cam a22002651 4500001001300000003000400013005001700017008004100034010001700075025001900092035001900111040001900130042001200149050002400161111008100185245013300266260007500399300002600474500002800500500006200528650003400590650003300624710005500657710003200712sa 67003597 DLC20260227112339.0820309s1966 ii a 100 0 eng  asa 67003597  aPL480:I-E-8205 a(OCoLC)9800727 aDLCcMnSUdDLC apremarc00aTS1300b.T2125 19652 aTextile Conferenced((1965 : :cGovindram Seksaria Technological Institute))00aProceedings of the two-day Textile Conferencecheld at Govindram Seksaria Technological Institute, Indore, on August 1, 2, 1965. a[Ahmedabad,bAhmedabad Textile Industry's Research Association,c1966] a68 p.billus.c29 cm. a"An ATIRA publication." aJointly sponsored by ATIRA and Textile Association (M.P). 0aTextile industryvCongresses. 0aTextile fabricsvCongresses.2 aAhmedabad Textile Industry's Research Association.2 aTextile Association (India)